Paroles - Plus bleu que tes yeux - Charles Aznavour - Statistiques

Statistiques générales
  • Ce quiz a été pris 11 fois
  • Le résultat moyen est 208 sur 290
Statistiques - réponses
% Correct
Plus
100%
plus
100%
que
100%
Que
100%
tes
100%
yeux
100%
bleu
91%
de
91%
des
91%
Je
91%
je
91%
le
91%
Le
91%
mieux
91%
ne
91%
Ne
91%
rien
91%
Rien
91%
vois
91%
à
82%
a
82%
À
82%
amour
82%
en
82%
Et
82%
La
82%
la
82%
ma
82%
me
82%
mon
82%
Mon
82%
pas
82%
Pas
82%
ton
82%
un
82%
vie
82%
au
73%
Au
73%
cieux
73%
Du
73%
jour
73%
Même
73%
même
73%
se
73%
toi
73%
tu
73%
blond
64%
cheveux
64%
coup
64%
être
64%
pour
64%
si
64%
Si
64%
tout
64%
blés
55%
fort
55%
gris
55%
les
55%
mes
55%
mois
55%
peut
55%
s'en
55%
serait
55%
aller
45%
approche
45%
bon
45%
ciel
45%
cœur
45%
d'août
45%
dorés
45%
doux
45%
furie
45%
mer
45%
On
45%
pluie
45%
Puisqu'aujourd'hui
45%
quitter
45%
quoi
45%
sa
45%
t'en
45%
vent
45%
bien
36%
devais
36%
lendemain
36%
pur
36%
sais
36%
s'imaginer
36%
souffle
36%
terre
36%
changerait
27%
compliquer
27%
destin
27%
jours
27%
N'aurait
27%
noir
27%
noirceur
27%
penser
27%
Près
27%
profondeur
27%
rêves
27%
tort
27%
Aucun
18%
fond
18%
lui
18%
m'apportent
18%
sans
18%
vide
18%
approchera
9%
chagrin
9%
court
9%
d'amour
9%
gouffre
9%
l'éternité
9%
long
0%
Aucun quiz correspondant
Distribution des résultats
% des personnes avec chaque résultat
Percentile par nombre de réponses
Votre historique - résultats
Vous n’avez pas pris ce quiz